Katherine Dunham /

Studies the life and achievements of the Black American dancer and choreographer.

Bibliographic Details
Main Author: Dominy, Jeanine
Other Authors: Huggins, Nathan Irvin, 1927-1989
Format: Book
Language:English
Published: New York : Chelsea House Publishers, [1992]
Series:Black Americans of achievement.
Subjects:

MARC

Tag First Indicator Second Indicator Subfields
LEADER 00000cam a2200000 a 4500
001 in00001069775
005 20150929101606.0
008 910222s1992 nyua j b 001 0beng
010 |a  91011276  
020 |a 0791011232 
020 |a 0791011488 (pbk.) 
035 |a (OCoLC)23286122 
035 |9 AFP2079AM 
040 |a DLC  |c DLC  |d TXA  |d UtOrBLW 
043 |a n-us--- 
049 |a TXAM 
050 0 0 |a GV1785.D82  |b D66 1991 
082 0 0 |a 792.8/028/092  |a B  |2 20 
090 |a GV1785.D82  |b D66 1992 
100 1 |a Dominy, Jeanine. 
245 1 0 |a Katherine Dunham /  |c Jeanine Dominy ; senior consulting editor, Nathan Irvin Huggins ; [introductory essay by Coretta Scott King]. 
264 1 |a New York :  |b Chelsea House Publishers,  |c [1992] 
264 4 |c ©1992 
300 |a 111 pages :  |b illustrations ;  |c 25 cm. 
336 |a text  |b txt  |2 rdacontent 
337 |a unmediated  |b n  |2 rdamedia 
338 |a volume  |b nc  |2 rdacarrier 
490 1 |a Black Americans of achievement 
504 |a Includes bibliographical references and index. 
520 |a Studies the life and achievements of the Black American dancer and choreographer. 
600 1 0 |a Dunham, Katherine  |x Juvenile literature. 
650 0 |a Dancers  |z United States  |v Biography  |v Juvenile literature. 
650 0 |a Choreographers  |z United States  |v Biography  |v Juvenile literature. 
650 0 |a African Americans  |v Biography  |v Juvenile literature. 
600 1 1 |a Dunham, Katherine. 
650 1 |a Dancers. 
650 1 |a Choreographers. 
650 1 |a African Americans  |v Biography. 
700 1 |a Huggins, Nathan Irvin,  |d 1927-1989. 
830 0 |a Black Americans of achievement. 
999 |a MARS 
999 f f |s d7ebe70e-a9cd-36b0-bcd2-58d10c1415cd  |i 7949cf2d-69f8-3c89-9cfa-4cf45e798867  |t 0 
952 f f |p ric  |a Texas A&M University  |b Rellis Campus  |c Joint Library Facility  |d Remote Storage  |t 0  |e GV1785.D82 D66 1992  |h Library of Congress classification  |i unmediated -- volume  |m A14815698988 
998 f f |a GV1785.D82 D66 1992  |t 0  |l Remote Storage